| 000 | 00548nam a2200181Ia 4500 | ||
|---|---|---|---|
| 008 | 151202s9999||||xx |||||||||||||| ||und|| | ||
| 082 | _bPNVM-73058 | ||
| 100 | _aमराठे ह.मो. | ||
| 245 | _aबालकाण्ड. | ||
| 260 | _b"मॅजेस्टिक प्रकाशन,गिरगाव." | ||
| 260 | _c73058 | ||
| 300 | _a332 | ||
| 600 | _aमराठे ह.मो. | ||
| 630 | _aबालकाण्ड. | ||
| 700 | _aमराठे ह.मो. | ||
| 730 | _aबालकाण्ड. | ||
| 942 | _cBOOK | ||
| 999 |
_c1339723 _d1339720 |
||